Sanat - "Päästä varpaisiin" - Behm - Statistics

Yleistilastot
  • Tätä visaa on pelattu 115 kertaa
  • Keskiarvotulos 109 / 157
Vastaustilastot
Vastaus % Oikein
jo
98%
päästä
98%
varpaisiin
98%
97%
97%
93%
jos
90%
mut
90%
en
86%
ja
86%
Ei
84%
ei
84%
kun
84%
mun
84%
et
83%
on
83%
voi
83%
kuka
81%
joku
79%
tuntea
79%
olla
76%
vähän
76%
voin
76%
kukaan
74%
osaa
74%
kaiken
72%
miten
72%
muutakin
72%
paljon
72%
enemmän
71%
hiljaa
71%
koskaan
71%
laulut
71%
Osaan
71%
osaan
71%
sanat
71%
soi
71%
kiinnostaa
69%
kuulla
69%
kysy
69%
mitä
69%
mua
69%
mussa
69%
ranskaa
69%
tuntis
69%
voiko
69%
haluun
67%
huutaakin
67%
annan
66%
sai
66%
siitä
66%
onhan
64%
suunvuoron
64%
haluisin
62%
joskus
62%
kadotin
62%
saat
62%
aikaa
60%
tilanne
60%
vaan
60%
vaikee
60%
yli
60%
aikaan
59%
kaikki
59%
niin
59%
saisit
59%
johtuukin
57%
sussa
57%
tuntee
57%
kiinni
55%
mistä
55%
pahempaa
55%
pitää
55%
lähelleni
53%
kasvoihin
52%
kysyisit
52%
oon
52%
osuu
52%
aivan
50%
kuitenkin
50%
nyt
50%
tahdotkin
50%
etten
48%
hyväksyisi
48%
sanois
48%
aina
47%
hellä
47%
katuu
47%
lainkaan
47%
pidät
47%
sanoinkin
47%
selitellä
47%
sitä
47%
tarkoittanut
47%
tosi
47%
anteeks
45%
avokämmenellä
45%
muuttua
45%
koittaa
43%
pyytää
43%
turha
43%
antaakin
41%
auta
41%
eritellä
41%
joista
41%
mustakin
41%
suuttua
41%
aion
40%
syitä
40%
tarvin
26%
Ehtoja vastaavia visoja ei löytynyt
Tulosjakauma
Jokaisen tuloksen saaneiden osuus
Persentiili vastausten määrän mukaan
Tuloshistoriasi
Et ole pelannut tätä visaa